000 00584nam a2200205Ia 4500
005 20250507130249.0
008 008 250505s9999 xx 000 0 eng d
037 _aSeries Article
040 _aEASL
_beng
_cEASL
041 _aeng
_2eng
084 _qEASL
100 _aKo Kilkon
_9669160
245 0 _aStructural changes in Chinese corruption
260 _aUK
_bLondon Cambridge Univesity Press UK
_c2012
300 _a718-740p.
650 _aChinese History; Corruption
_9755050
700 _aWeng Cuifen
_9669161
942 _cSRA
999 _c1318644
_d1318644